000 01167cam a22003377a 4500
003 CHAP
005 20220817043513.0
008 981215d1995 mx ab r 00110 spa d
010 _a76882
011 _a77854
035 _a87563
040 _cCHAP
082 0 4 _a633.368
_bM5
100 0 0 _aMelouk, Hassan A.
_eed.
_974489
245 1 0 _aPeanut health management
_c/ed. by Hassan A. Melouk and Frederick M. Shokes
260 _aSt. Paul, Minn. :
_bThe American Phytopathological Society,
_c1995.
300 _a117 p. :
_bilus. ; gráfs. ; mapas ; cuadros
410 2 _aAmerican Phytopathological Society
490 0 _aPlant health management series
590 _aBATCH-UPD
_b10
_c20130110
_lUCH01
_h0411
590 _aBATCH-UPD
_b10
_c20130110
_lUCH01
_h2221
590 _aCONVERSION
_b10
_c20130109
_lUCH01
_h1342
650 1 4 _aCacahuate.
_916848
700 0 _aSchokes, Frederick M.
_9103125
810 0 0 _aAmerican Phytopathological Society
830 0 _aPlant health management series
_988770
901 _aBK
905 _aAlejandra Carrasco M.
942 _cLIBRO
949 _a633.368 M5
_bBC
_cLIBRO
_d33724000711503
_eLIBRO
_gI.193270
_h94428
_i87563
_si
_t$803.00
999 _c76882
_d76882